Statistiken für Städte Bosnien-Herzegowinas

Klicken Sie hier um das Quiz zu spielen!

Allgemein

  • Dieses Quiz wurde 370 mal gespielt
  • Das Durchschnittsergebnis liegt bei 9 aus 20

Antwortstatistiken

RangEinwohnerStadt% Korrekt
1348.363Sarajevo
100%
560.195Mostar
89%
2135.069Banja Luka
87%
374.457Tuzla
84%
839.690Bihać
68%
470.553Zenica
65%
1613.863Cazin
48%
739.893Brčko
47%
641.121Bijeljina
45%
1024.349Doboj
44%
1515.344Travnik
43%
927.970Prijedor
40%
1216.913Sanski Most
35%
1122.987Trebinje
30%
1415.555Bugojno
29%
1912.764Gradačac
23%
1713.691Gradiška
23%
1316.157Živinice
21%
1812.882Gračanica
15%
2012.569Pale
8%

Verteilung der Resultate

Perzentil nach korrekt beantworteten Fragen

Anzahl Personen mit jedem Resultat

Ihre Resultats-Entwicklung

Sie haben dieses Quiz noch nicht gespielt